Memoria del Centro Mercantil Industrial y Agrícola, año 1970. (Record no. 42946)

MARC details
000 -LEADER
campo de control de longitud fija 00502nam a2200157 i 4500
001 - NÚMERO DE CONTROL
campo de control 42946
003 - IDENTIFICADOR DE NÚMERO DE CONTROL
campo de control ES-MaACL
005 - FECHA Y HORA DE LA ÚLTIMA TRANSACCIÓN
campo de control 20230906160715.0
007 - CAMPO FIJO DE DESCRIPCIÓN FÍSICA--INFORMACIÓN GENERAL
campo de control de longitud fija t|
008 - DATOS DE LONGITUD FIJA--INFORMACIÓN GENERAL
campo de control de longitud fija 030314s1971 sp ||||1| spa d
110 2# - ENTRADA PRINCIPAL--NOMBRE DE ENTIDAD CORPORATIVA
Nombre de entidad corporativa o nombre de jurisdicción como elemento de entrada Centro Mercantil, Industrial y Agrícola de Zaragoza.
9 (RLIN) 2759
245 10 - MENCIÓN DEL TÍTULO
Título Memoria del Centro Mercantil Industrial y Agrícola, año 1970.
260 ## - PUBLICACIÓN, DISTRIBUCIÓN, ETC.
Lugar de publicación, distribución, etc. [S.l. :
Nombre del editor, distribuidor, etc. s.n.,
Fecha de publicación, distribución, etc. 1971] (
Lugar de fabricación/manufactura Zaragoza :
Fabricante Tall. El Noticiero)
300 ## - DESCRIPCIÓN FÍSICA
Extensión 35 p. ;
Dimensiones 21 cm.
852 ## - LOCALIZACIÓN
Ubicación ES-MaACL
Número de control de estantería 2077-F-19
Sublocalización o colección R.77252
Holdings
Estatus retirado Estado de pérdida Estado de daño No para préstamo Colección Biblioteca de origen Biblioteca actual Ubicación en estantería Fecha de adquisición Fuente de adquisición Total de préstamos Signatura topográfica completa Código de barras Visto por última vez Precio de reemplazo Tipo de ítem Koha
        Colección de folletos Biblioteca del Ateneo de Madrid Biblioteca del Ateneo de Madrid Depósito folletos 17/01/2008     2077-F-19 1045204 23/02/2023 23/02/2023 Folleto